Normal view
MARC view
- Gorion, Karl Angelo
Entry Personal Name
001 - CONTROL NUMBER
- control field: 34961
003 - CONTROL NUMBER IDENTIFIER
- control field: OSt
005 - DATE AND TIME OF LATEST TRANSACTION
- control field: 20190124101116.0
008 - FIXED-LENGTH DATA ELEMENTS
- fixed length control field: 190124|| aca||aabn | a|a d
040 ## - CATALOGING SOURCE
- Original cataloging agency: OSt
- Transcribing agency: OSt
100 ## - HEADING--PERSONAL NAME
- Personal name: Gorion, Karl Angelo
670 ## - SOURCE DATA FOUND
- Source citation: Work cat.: (OSt): Gorion, Karl Angelo , Learning style and academic performance in mathematics of grade 10 students /, December 2018.
